书目信息 |
| 题名: |
记住你即将死去
|
|
| 作者: | 周文敏 编著 | |
| 分册: | ||
| 出版信息: | 北京 北京工业大学出版社 2012.5 |
|
| 页数: | 13,272页 | |
| 开本: | 24cm | |
| 丛书名: | ||
| 单 册: | ||
| 中图分类: | F471.266 , K837.125.38 | |
| 科图分类: | ||
| 主题词: | 电子计算机工业--工业企业管理--经验--美国 | |
| 电子资源: | ||
| ISBN: | 978-7-5639-3036-4 | |
| 000 | 01114nam0 2200277 45 | |
| 001 | 1360536296 | |
| 005 | 20130531102037.45 | |
| 010 | @a978-7-5639-3036-4@dCNY30.00 | |
| 100 | @a20130513d2012 em y0chiy50 ea | |
| 101 | 0 | @achi |
| 102 | @aCN@b110000 | |
| 105 | @ay z 000yb | |
| 106 | @ar | |
| 200 | 1 | @a记住你即将死去@AJi Zhu Ni Ji Jiang Si Qu@e乔布斯给我们的90个抉择启示@EQiao Bu Si Gei Wo Men De 90 Ge Jue Ze Qi Shi@f周文敏编著@FZhou Wen Min Bian Zhu |
| 210 | @a北京@c北京工业大学出版社@d2012.5 | |
| 215 | @a13,272页@d24cm | |
| 330 | @a本书立足于乔布斯的发展和成功,从乔布斯人生的起伏波折中涉取营养,从辍学到创业,从被辞退到胜利回归,一步步地解读乔布斯抉择的智慧和成功的秘诀。 | |
| 517 | 1 | @a乔布斯给我们的90个抉择启示@AQiao Bu Si Gei Wo Men De 90 Ge Jue Ze Qi Shi |
| 600 | 0 | @a乔布斯@c(Jobs, Steve Paul@f1955-2011 )@x生平事迹 |
| 601 | 02 | @a苹果公司@x工业企业管理@x经验 |
| 606 | 0 | @a电子计算机工业@x工业企业管理@x经验@y美国 |
| 690 | @aF471.266@v5 | |
| 690 | @aK837.125.38@v5 | |
| 701 | 0 | @a周文敏@AZhou Wen Min@4编著 |
| 801 | @aCN@bTANGWEI@c20130522 | |
| 905 | @b0834948-53@dF471.266@e58@f6 | |
| 记住你即将死去:乔布斯给我们的90个抉择启示/周文敏编著.-北京:北京工业大学出版社,2012.5 |
| 13,272页;24cm |
| ISBN 978-7-5639-3036-4:CNY30.00 |
| 本书立足于乔布斯的发展和成功,从乔布斯人生的起伏波折中涉取营养,从辍学到创业,从被辞退到胜利回归,一步步地解读乔布斯抉择的智慧和成功的秘诀。 |
| ● |
| 相关链接 |
|
|
|
|
正题名:记住你即将死去
索取号:F471.266/58
 
预约/预借
| 序号 | 登录号 | 条形码 | 馆藏地/架位号 | 状态 | 备注 |
| 1 | 0834948 | 208349483 | 第一样本阅览室/ [索取号:F471.266/58] | 在馆 | |
| 2 | 0834949 | 208349492 | 第一借阅区/ [索取号:F471.266/58] | 在馆 | |
| 3 | 0834950 | 208349508 | 第一借阅区/ [索取号:F471.266/58] | 在馆 | |
| 4 | 0834951 | 208349517 | 第一借阅区/ [索取号:F471.266/58] | 在馆 | |
| 5 | 0834952 | 208349526 | 第一借阅区/ [索取号:F471.266/58] | 在馆 | |
| 6 | 0834953 | 208349535 | 第一借阅区/ [索取号:F471.266/58] | 在馆 |